Loading...
| History - American | 0 | 3 | 0 | 0 | 30 | 91 | 96.33 | 0 | 0 | 7.33 | 9.17 |
| Science - Other | 0 | 3 | 0 | 1 | 30 | 84 | 99.00 | 0 | 0 | 3.84 | 6.89 |
| Science - Physics | 0 | 3 | 1 | 1 | 25 | 59 | 93.33 | 0 | 1 | 6.20 | 18.33 |
| Fine Arts - Painting and Sculpture | 0 | 2 | 0 | 0 | 20 | 77 | 98.50 | 0 | 1 | 4.77 | 13.33 |
| Religion | 0 | 2 | 0 | 0 | 20 | 71 | 81.50 | 0 | 2 | 6.57 | 17.50 |
| Science - Chemistry | 0 | 1 | 0 | 0 | 10 | 65 | 65.00 | 0 | 1 | 3.56 | 5.83 |
| Geography | 0 | 1 | 0 | 0 | 10 | 105 | 105.00 | 0 | 0 | 9.92 | 27.27 |
| Other Academic | 0 | 1 | 0 | 0 | 10 | 118 | 118.00 | 0 | 0 | 0.00 | 4.55 |
| Science - Biology | 0 | 1 | 0 | 0 | 10 | 41 | 41.00 | 0 | 1 | 6.27 | 8.18 |
| Popular Culture | 0 | 0 | 1 | 0 | -5 | 0.00 | 0 | 0 | 0.00 | 0.00 | |
| Fine Arts - Other | 0 | 0 | 1 | 0 | -5 | 0.00 | 0 | 0 | 0.00 | 0.00 |